02173nam2a22002411 4500001001100000005001700011021001900028035002600047100004100073101000800114102000700122105001800129200033600147210001800483215002200501461114900523606010901672701002501781701006001806801001801866801002201884852002501906rc\407380420250611081428.0 aRUb[55-60045] a(NLR Aleph) 008121471 a20130415d1955 |||y0rusy50 ca0 arus aRU aa z |||||1 aМетодические основы проектирования архитектурных конструкций и их элементовfКанд. архитектуры доц. А.В. РотgПроф. д-р техн. наук В.Л. Гофман, профессоры В.А. Витман, П.В. Прейс [и др.] d1955aБ. м. a90 с.cил.d22 01001rc\407380212001#$aМетодическое руководство по курсу "Архитектура"$eДля студентов специальностей "Пром. и гражданское строительство"$fПроф. д-р техн. наук Гофман В.Л., проф. Прейс П.В., доц. канд. архитектуры Кашин К.И. [и др.]. Вып. 1-$g[М-во высш. образования СССР]. Кафедра архитектуры и истории архитектуры Ленингр. ордена Труд. Красного Знамени инж.-строит. ин-та. Отд-ние заоч. обучения$vВып. 7cЛенинградd1950 [вып. дан. 1951]fПроф. д-р техн. наук Гофман В.Л., проф. Прейс П.В., доц. канд. архитектуры Кашин К.И. [и др.]. Вып. 1-nБ. и.oДля студентов специальностей "Пром. и гражданское строительство"tМетодическое руководство по курсу "Архитектура"vВып. 7 aАрхитектурное проектированиеjПособия заочные (вып. 7)2psbo 1aВитманbВ.А. 1aРотbА.В.gАнатолий Викторович 0aRUbNLRgpsbo 1aRUbELAR2rusmarc aNLRjИс20 Г-4/124